LEADER 01068nam--2200373---450- 001 990000371780203316 005 20051104123324.0 035 $a0037178 035 $aUSA010037178 035 $a(ALEPH)000037178USA01 035 $a0037178 100 $a20010323d1909----km-y0itay0103----ba 101 $alat 102 $aDE 105 $a||||||||001yy 200 1 $aVespae$fAristophanis$gcum prolegomenis et commentariis iterum eddit J. Van Leewen 210 $aLugduni Batavorum$cApud A. W. Sijthoff's$d1909 215 $aXIII,245 p.$d24 cm 410 $12001 461 1$1001-------$12001 676 $a882.01 700 1$aARISTOPHANES$0160835 702 1$aLEEWEN,$bJ. Van 801 0$aIT$bsalbc$gISBD 912 $a990000371780203316 951 $aV.1.A. 394(VIII C 1299)$b117569 LM$cVIII C 959 $aBK 969 $aUMA 979 $aPATTY$b90$c20010323$lUSA01$h1044 979 $c20020403$lUSA01$h1645 979 $aPATRY$b90$c20040406$lUSA01$h1626 979 $aCOPAT3$b90$c20051104$lUSA01$h1233 996 $aVespae$917941 997 $aUNISA LEADER 02198nam 22006014a 450 001 9910777603903321 005 20230124182520.0 010 $a0-309-18039-2 010 $a1-280-60447-6 010 $a9786610604470 010 $a0-309-66171-4 035 $a(CKB)1000000000467205 035 $a(SSID)ssj0000252201 035 $a(PQKBManifestationID)11203398 035 $a(PQKBTitleCode)TC0000252201 035 $a(PQKBWorkID)10176760 035 $a(PQKB)10679427 035 $a(MiAaPQ)EBC3378144 035 $a(Au-PeEL)EBL3378144 035 $a(CaPaEBR)ebr10146774 035 $a(OCoLC)923277177 035 $a(EXLCZ)991000000000467205 100 $a20061108d2006 uy 0 101 0 $aeng 135 $aurcn||||||||| 181 $ctxt 182 $cc 183 $acr 200 00$aStrategies for preservation of and open access to scientific data in China$b[electronic resource] $esummary of a workshop /$fPaul F. Uhlir and Julie M. Esanu, rapporteurs ; U.S. National Committee for CODATA, Board on International Scientific Organizations, National Research Council of the National Academies 210 $aWashington, DC $cNational Academies Press$dc2006 215 $axviii, 131 p 300 $aWorkshop held June 22-24, 2004 in Beijing, China. 311 $a0-309-10230-8 606 $aCommunication in science$zChina$vCongresses 606 $aFreedom of information$zChina$vCongresses 606 $aInformation technology$zChina$vCongresses 606 $aScience and state$zChina$vCongresses 615 0$aCommunication in science 615 0$aFreedom of information 615 0$aInformation technology 615 0$aScience and state 676 $a338.95106 701 $aUhlir$b P. F$g(Paul F.),$f1954-$01485058 701 $aEsanu$b Julie M$01485059 712 02$aU.S. National Committee for CODATA. 712 02$aNational Research Council (U.S.).$bBoard on International Scientific Organizations. 801 0$bMiAaPQ 801 1$bMiAaPQ 801 2$bMiAaPQ 906 $aBOOK 912 $a9910777603903321 996 $aStrategies for preservation of and open access to scientific data in China$93703977 997 $aUNINA